000 00582nam a2200229Ia 4500
003 OSt
005 20220918174833.0
006 a|||||r|||| 00| 0
007 ta
008 220917b |||||||| |||| 00| 0 eng d
024 _a14,355
037 _cTextual
040 _aARTS
_cARTS
_beng
041 _2eng
_aeng
082 _aNQ7, N, L0
245 0 _aModern American painting ed by H W Janson
260 _aNeederland
_bTime life international
_c1970
300 _a191p.
_ccm.
650 _aARTS
942 _hNQ7, N, L0
_cTEXL
_2CC
999 _c154903
_d154903